000 00899nam a2200265 4500
003 OSt
005 20260530113857.0
008 260417b1990 Mx |||| |||| 00| 0 spa d
020 _a9686642854
040 _aICI
_bspa
_cICI
050 4 _aHD9980.5
_bF4518
100 1 _a Feketekuty, Geza,
_eautor
_931848
240 1 0 _aInternational trade in services.
_lEspañol
245 1 0 _aComercio internacional de servicios
_bPanorama general y modelo para las negociaciones /
_cGeza feketekuty ; traducción de Ana I. Stellino
250 _a Primera edición
264 1 _bGernika,
_c1990
_aMéxico :
300 _a380 páginas
_bilustraciones
336 _atexto
_2rdacontent
337 _asin medio
_2rdamedia
338 _avolumen
_2rdacarrier
650 4 _aIndustrias de servicios
_931849
700 1 _a Feketekuty, Geza.
_931848
700 1 _aStellino, Ana Isabel,
_etraductor
_931850
942 _2ddc
_cBK
999 _c11655
_d11655